Postavenie gramatiky ako súčasti komunikatívnej kompetencie

Dôležitosť gramatiky ako súčasti komunikatívnej kompetencie. Postavenie vo vzťahu k ďalším jazykovým prostriedkom, najmä k lexike. Rôzne významové funkcie komunikácie a odlišné organizácie týchto významov. Aspekty, ktoré ovplyvňujú adekvátne používanie gramatických foriem a štruktúr.

Salvato in:
Dettagli Bibliografici
Autore principale: Strelinger, Ján, 1964-
Natura: Capitolo di libro
Lingua:slovacco
Soggetti:
Tags: Aggiungi Tag
Nessun Tag, puoi essere il primo ad aggiungerne!!

MARC

LEADER 00000naa$a2200000$$$4500
001 0260311
005 20240502074123.2
041 0 |a slo 
044 |a SK 
245 1 0 |a Postavenie gramatiky ako súčasti komunikatívnej kompetencie  |c Ján Strelinger 
520 |a Dôležitosť gramatiky ako súčasti komunikatívnej kompetencie. Postavenie vo vzťahu k ďalším jazykovým prostriedkom, najmä k lexike. Rôzne významové funkcie komunikácie a odlišné organizácie týchto významov. Aspekty, ktoré ovplyvňujú adekvátne používanie gramatických foriem a štruktúr. 
610 2 0 |a gramatika 
610 2 0 |a komunikácia 
610 2 0 |a jazyk materinský 
610 2 0 |a kompetencie komunikačné 
610 2 0 |a kompetencie 
610 2 0 |a lexikológia 
100 1 |a Strelinger, Ján, 1964-